000 00253nam a22001217a 4500
008 170619b xxu||||| |||| 00| 0 eng d
041 _aeng
080 _a32
100 _a20
101 _aSHH
245 _aNEVER AGAIN
_cRAVENAL .E.A
942 _2udc
_cBK
999 _c18106
_d18106